| 000 | 01251nam a22003251 4500 | ||
|---|---|---|---|
| 001 | 19963 | ||
| 003 | BD-RjUL | ||
| 005 | 20211209000514.0 | ||
| 008 | 140226s1938 enk b 001 1 enm | ||
| 035 | _a(BD-RjUL)20024 | ||
| 035 | _a(OCoLC)4181912 | ||
| 040 |
_aDLC _cOCX _dBD-RjUL _beng |
||
| 041 | _aeng | ||
| 082 | 0 | 4 |
_a821.29 _bBOL 1938 |
| 100 | 1 |
_aBokenham, Osbern _961363 |
|
| 245 | 1 | 0 |
_aLegendys of hooly wummen / _cOsbern Bokenham; edited from ms. Arundel 327 by Mary S. Serjeantson |
| 260 |
_aLondon : _bPub. for the Early English Text Society by H. Milford, Oxford University Press, _cl938. |
||
| 300 |
_a(Various pageins) ; _c22 cm. |
||
| 490 | 0 | _aEarly English Text Society. Original series, no. 206. 1938 (for 1936) | |
| 500 | _aLegends compiled from the Legenda aurea and other sources. | ||
| 500 | _aEarly English text society's list of publications, etc. (8 p.) at end. | ||
| 504 | _aInclude bibliography and index. | ||
| 650 | 0 |
_aWomen saints. _961269 |
|
| 650 | 0 |
_aLegends. _961364 |
|
| 700 | 1 |
_aSerjeantson, Mary S. _q(Mary Sidney), _d1896- _eed. _961365 |
|
| 700 | 0 |
_aJacobus, _cde Voragine, _dapproximately 1229-1298. _tLegenda aurea. _961366 |
|
| 942 |
_2ddc _cBK |
||
| 999 |
_c19963 _d19963 |
||